Psichofiziologija operatora v sistemach čelovek - mašina

Salvato in:
Dettagli Bibliografici
Natura: Libro
Lingua:russo
Pubblicazione: Kijev Naukova dumka 1980
Tags: Aggiungi Tag
Nessun Tag, puoi essere il primo ad aggiungerne!!

MARC

LEADER 00000nam a2200000 4500
001 c141186
005 20041019155321.1
041 0 |a rus 
044 |a UA 
245 1 0 |a Psichofiziologija operatora v sistemach čelovek - mašina 
264 1 |a Kijev  |b Naukova dumka  |c 1980 
300 |a 340 s.